| 000 | 00563nam a22001817a 4500 | ||
|---|---|---|---|
| 003 | CEME | ||
| 005 | 20210628210704.0 | ||
| 008 | 210211b xxu||||| |||| 00| 0 eng d | ||
| 020 | _a0-7637-1122-5 | ||
| 040 | _c. | ||
| 082 | _a004.6 CAS | ||
| 100 |
_aCassel, Lillian.Boots Austing, Richard H _980559 |
||
| 245 | _aComputer networks and open systems an application development prespective | ||
| 260 |
_aBOSTON _bJONES AND BARTLETT PUBLISHER _c2000 |
||
| 300 | _aXXVI,469P | ||
| 650 |
_aCOMPUTER NETWORK OSI-COMPUTER NETWORK STANDARD _980560 |
||
| 942 |
_cBK _2ddc |
||
| 999 |
_c585472 _d585472 |
||